000 00724nam a2200229 i 4500
003 DO-SdBNP
005 20230908133351.0
007 ta
008 230908e1980 dr ||||| |||| 00| 0 spa d
040 _aDO-SdBNP
_bspa
_cBNPHU
_erda
082 4 _222
_bR426g
110 1 _4República Dominicana
_bSuperintendencia de Bancos
_eautor
_984082
240 _a(Leyes, etc.)
245 0 0 _aPrincipios generales de etica para bancos comerciales e institucionales afines. /
264 1 _aSanto Domingo :
_bAPEC/IDEI,
_c1980
300 _a44 páginas ;
_c21 cm.
336 _2rdacontent
_atexto
_btxt
337 _2rdamedia
_asin mediación
_bn
338 _2rdacarrier
_avolumen
_bnc
590 _aInventariado 2023 / MF
942 _2ddc
_cLF2
999 _c54657
_d54657